000 00520nam a22001817a 4500
003 NUST
005 20260212102310.0
008 260212b ||||| |||| 00| 0 eng d
020 _a978-0471420286
082 _a621.3678
_bLAN
100 _aDavid A. Landgrebe
_9133161
245 _aSignal Theory Methods in Multispectral Remote Sensing /
_cDavid A. Landgrebe
250 _a1st Edition
260 _aNew Jersey:
_bWiley-Interscience,
_c2003.
300 _a536 p ;
_c28.5 cm
563 _aHardcover
942 _2ddc
_cBK
999 _c616182
_d616182